Shakespeare on the stage. : 2d series /

Bibliographic Details
Main Author: Winter, William, 1836-1917
Format: Book
Language:English
Published: New York : Moffat, Yard and company, 1915.
Subjects:

MARC

Tag First Indicator Second Indicator Subfields
LEADER 00000cam a2200000 4500
001 in00000022711
005 20151007064116.0
008 740724s1915 nyucf 00010 eng u
010 |a  15007372  
035 |a (OCoLC)00961706 
035 |9 AAD9069AM 
040 |c HEI  |d TXA  |d UtOrBLW 
049 |a TXAM  |c [4357] 
050 0 0 |a PR3091  |b .W5 1911 
092 |a 822.33  |b GW787, Ser.2 
100 1 |a Winter, William,  |d 1836-1917. 
245 1 0 |a Shakespeare on the stage. :  |b 2d series /  |c By William Winter ... 
264 1 |a New York :  |b Moffat, Yard and company,  |c 1915. 
300 |a xxix, 1 unnumbered page, 664 pages :  |b frontispiece (13 portrait) plates. ;  |c 23 cm. 
336 |a text  |b txt  |2 rdacontent 
337 |a unmediated  |b n  |2 rdamedia 
338 |a volume  |b nc  |2 rdacarrier 
505 0 |a Twelfth night.--Romeo and Juliet.--As you like it.--King Lear.--The taming of the shrew.--Julius Csar. 
600 1 0 |a Shakespeare, William,  |d 1564-1616  |x Stage history. 
650 0 |a Actors. 
650 0 |a Actresses. 
999 |a MARS 
999 f f |s 0f9409ea-b702-36ba-93a1-ae5721b93e93  |i 4ddf91e1-9923-3b49-861c-48b1e40abebe  |t 0 
952 f f |p normal  |a Texas A&M University  |b College Station  |c Sterling C. Evans Library  |d Evans: Library Stacks  |t 0  |e PR3091 .W5 1911  |h Library of Congress classification  |i unmediated -- volume  |m A14801308343 
998 f f |a PR3091 .W5 1911  |t 0  |l Evans: Library Stacks